Central Library OPAC University of Rajshahi

দজ্জাল ও মেহদী / (Record no. 41180)

MARC details
000 -LEADER
fixed length control field 00853nam a2200229 a 4500
001 - CONTROL NUMBER
control field 41180
003 - CONTROL NUMBER IDENTIFIER
rucl marc code BD-RjUL
005 - DATE AND TIME OF LATEST TRANSACTION
control field 20211209053337.0
008 - FIXED-LENGTH DATA ELEMENTS--GENERAL INFORMATION
fixed length control field 160516s1963 bg ||||| |||| 00| 0 ben d
020 ## - INTERNATIONAL STANDARD BOOK NUMBER
Terms of availability : PRs 40.00
035 ## - SYSTEM CONTROL NUMBER
System control number (BD-RjUL)41296
040 ## - CATALOGING SOURCE
Original cataloging agency BD-RjUL
Language of cataloging ben
Transcribing agency BD-RjUL
041 ## - LANGUAGE CODE
Language code of text/sound track or separate title ben
082 ## - DEWEY DECIMAL CLASSIFICATION NUMBER
Edition number 23
Classification number 297
Author mark and year BOD 1963
100 ## - MAIN ENTRY--PERSONAL NAME
Personal name বখতেয়ার, মোহাম্মদ আখতার হোসেন
9 (RLIN) 126678
245 10 - TITLE STATEMENT
Title দজ্জাল ও মেহদী /
Statement of responsibility, etc. মোহাম্মদ আখতার হোসেন বখতেয়ার
260 ## - PUBLICATION, DISTRIBUTION, ETC. (IMPRINT)
Place of publication, distribution, etc. কুমিল্লা :
Name of publisher, distributor, etc. মালেক এন্ড ব্রাদার্স,
Date of publication, distribution, etc. ১৯৬৩
300 ## - PHYSICAL DESCRIPTION
Pagination ১৯০ পৃ. ;
Size ২১ সেমি.
650 ## - SUBJECT ADDED ENTRY--TOPICAL TERM
Topical term or geographic name as entry element ইসলাম
9 (RLIN) 126679
Topical term or geographic name as entry element Islam
9 (RLIN) 126680
942 ## - ADDED ENTRY ELEMENTS (KOHA)
Source of classification or shelving scheme Dewey Decimal Classification
Koha item type Books
Holdings
Lost status Source of classification or shelving scheme Damaged status Not for loan Collection code Permanent Location Current Location Shelving location Date acquired Source of acquisition Cost, normal purchase price Total Checkouts Full call number Date last seen Copy number Koha item type
  Dewey Decimal Classification   Not For Loan Non-fiction Central Library, University of Rajshahi Central Library, University of Rajshahi Reading Room 25/02/1967 Rajushahi : Faruk Library 4.00   B 297 BOD 1963 16/05/2016 C-1 Books